Population | City |
118,033 | Springfield | | 87% | 123,330 | New Haven | | 86.7% | 119,775 | Provo | | 86.1% | 115,638 | Charleston | | 84.5% | 95,556 | Fargo | | 82.6% | 109,279 | Manchester | | 82.2% | 113,802 | Lansing | | 81.4% | 101,412 | Green Bay | | 81% | 112,920 | Ann Arbor | | 80.2% | 111,475 | Flint | | 80.2% | 103,571 | Erie | | 79.2% | 114,915 | Lafayette | | 78.8% | 121,026 | Stamford | | 78.7% | 102,324 | Columbia | | 78.5% | 116,584 | Evansville | | 78.1% | 114,983 | Athens | | 78% | 95,707 | Gary | | 78% | 115,520 | Peoria | | 77.8% | 101,335 | Davenport | | 77.8% | 100,160 | Boulder | | 77.8% | 121,180 | Independence | | 77.7% | 93,836 | Albany | | 77.5% | 101,350 | Wilmington | | 77.4% | 109,062 | Norman | | 77.4% | 105,845 | Billings | | 77.4% | 104,390 | Lowell | | 77.2% | 84,253 | Allen | | 77% | 104,215 | South Bend | | 76.7% | 108,771 | Cambridge | | 76.6% | 107,815 | Allentown | | 76.1% | 103,486 | Rochester | | 75.5% | 121,962 | Olathe | | 75.2% | 77,143 | Fayetteville | | 75.1% | 122,224 | Concord | | 75% | 93,452 | Las Cruces | | 74.3% | 84,419 | Duluth | | 74% | 83,242 | Trenton | | 73.3% | 107,143 | Waterbury | | 73.2% | 104,877 | Pueblo | | 73.2% | 92,582 | Macon | | 72.2% | 104,968 | West Jordan | | 72.1% | 83,292 | Ogden | | 71.1% | 94,482 | Roanoke | | 70.7% | 116,616 | Gainesville | | 70.5% | 82,903 | Sioux City | | 70.4% | 85,547 | Fort Smith | | 69.6% | 100,810 | Odessa | | 69.6% | 97,601 | North Charleston | | 69.1% | 98,187 | Kenosha | | 69% | 94,996 | Broken Arrow | | 69% | 117,180 | Abilene | | 69% | 97,188 | Sandy | | 68.7% | 108,668 | Midland | | 68.5% | 92,048 | Lawrence | | 68.3% | 102,804 | Berkeley | | 68% | 98,872 | Tyler | | 67.8% | 122,830 | Denton | | 67.8% | 101,314 | Wichita Falls | | 67.6% | 86,353 | Santa Barbara | | 67.6% | 111,997 | Santa Clara | | 67.4% | 99,504 | West Palm Beach | | 67.3% | 110,110 | Beaumont | | 67.2% | 107,519 | Elgin | | 66.7% | 87,555 | Nashua | | 66.5% | 81,000 | Reading | | 66.4% | 81,798 | Greenville | | 66.2% | 105,209 | Murfreesboro | | 66.1% |
|
Population | City |
93,138 | Tuscaloosa | | 65.8% | 109,180 | Westminster | | 65.1% | 103,368 | High Point | | 65.1% | 89,547 | Westminster | | 65.1% | 103,121 | Burbank | | 65.1% | 95,248 | Orem | | 64.9% | 102,165 | Daly City | | 64.8% | 91,053 | New Bedford | | 64.8% | 119,512 | Killeen | | 64.5% | 99,385 | Everett | | 64.5% | 102,508 | Norwalk | | 64.1% | 83,802 | Norwalk | | 64.1% | 117,628 | Thornton | | 64% | 84,760 | Warwick | | 64% | 76,636 | Asheville | | 63.8% | 106,081 | Clearwater | | 63.6% | 103,165 | Richmond | | 63.3% | 99,321 | Portsmouth | | 63.3% | 108,208 | Arvada | | 63.2% | 122,111 | Visalia | | 63.2% | 82,922 | Bloomington | | 63% | 87,563 | Santa Monica | | 62.7% | 110,921 | Victorville | | 62.7% | 95,236 | Surprise | | 62.5% | 112,241 | Inglewood | | 62.5% | 81,241 | Nampa | | 62.4% | 78,379 | Canton | | 62.4% | 114,622 | Vallejo | | 62.3% | 109,332 | Miami Gardens | | 62.2% | 100,557 | Centennial | | 62.1% | 78,788 | Camden | | 62.1% | 84,575 | Dearborn | | 61.7% | 87,517 | Lynn | | 61.6% | 101,181 | Antioch | | 61.3% | 91,105 | Yuma | | 61.3% | 120,921 | Simi Valley | | 61.3% | 98,402 | Carlsbad | | 60.9% | 93,738 | Lakeland | | 60.8% | 105,424 | Round Rock | | 60.6% | 121,447 | El Monte | | 60.6% | 102,295 | Gresham | | 60.4% | 115,677 | Roseville | | 60.3% | 78,097 | Lakewood | | 60% | 93,962 | Compton | | 59.9% | 85,530 | Kent | | 59.8% | 104,423 | San Buenaventura | | 59.2% | 92,255 | Carson | | 59.2% | 90,826 | Fall River | | 59.1% | 107,117 | Downey | | 59% | 91,028 | Quincy | | 59% | 103,586 | Fairfield | | 58.7% | 102,413 | Frisco | | 58.5% | 91,187 | Lawton | | 58.5% | 85,625 | Sandy Springs | | 58.3% | 86,680 | College Station | | 58.1% | 86,935 | Santa Maria | | 57.8% | 87,719 | Roswell | | 57.8% | 88,065 | Miami Beach | | 57.1% | 98,876 | Temecula | | 56.8% | 82,009 | Racine | | 56.8% | 105,464 | West Covina | | 56.5% | 94,447 | El Cajon | | 56.1% | 89,346 | Sparks | | 56% | 100,999 | Palm Bay | | 55.9% | 77,289 | Bend | | 55.4% | 109,176 | Miramar | | 55.3% | 103,201 | Richardson | | 54.7% |
|
Population | City |
93,436 | Beaverton | | 54.4% | 92,791 | San Mateo | | 54.4% | 85,832 | Yakima | | 54.2% | 82,574 | Rio Rancho | | 54.1% | 110,419 | Costa Mesa | | 54% | 102,609 | Pompano Beach | | 53.5% | 90,521 | Redding | | 53.4% | 80,557 | Troy | | 52.6% | 98,702 | Rialto | | 52.3% | 89,282 | Livonia | | 52.1% | 95,538 | Hillsboro | | 51.8% | 97,881 | Murrieta | | 51.6% | 92,625 | Greeley | | 51.5% | 80,055 | Bellingham | | 51.4% | 93,527 | Brockton | | 50.8% | 84,880 | Chico | | 49.4% | 80,286 | Champaign | | 49% | 93,246 | Clovis | | 48.8% | 86,556 | Lee's Summit | | 48.7% | 86,445 | Boca Raton | | 48.7% | 105,170 | Lewisville | | 48.6% | 92,149 | San Angelo | | 48.5% | 84,592 | Newton | | 46.7% | 85,827 | Federal Way | | 46.7% | 80,126 | Cranston | | 46.4% | 87,375 | Spokane Valley | | 46.1% | 81,725 | Sugar Land | | 45.5% | 79,743 | Danbury | | 44.9% | 90,622 | Waukegan | | 44.8% | 83,659 | Suffolk | | 44.3% | 86,341 | Pearland | | 44.2% | 77,857 | Evanston | | 43.9% | 77,272 | Parma | | 43.9% | 92,572 | Vista | | 43.8% | 80,542 | Jacksonville | | 43.5% | 91,991 | Vacaville | | 43.4% | 89,722 | Sunrise | | 43.1% | 91,729 | Davie | | 42.9% | 80,699 | San Marcos | | 42.8% | 82,830 | Chino | | 42.5% | 81,680 | Newport Beach | | 41.8% | 85,212 | Avondale | | 41.6% | 80,100 | Cicero | | 40.2% | 77,483 | Melbourne | | 40% | 94,651 | Mission Viejo | | 39.7% | 81,093 | Edmond | | 39.4% | 85,068 | Alhambra | | 39.1% | 78,038 | Longview | | 39.1% | 83,531 | Deltona | | 39% | 88,425 | Longmont | | 38.7% | 78,224 | Clifton | | 38.5% | 86,194 | Hesperia | | 38.1% | 96,286 | South Gate | | 36.9% | 79,235 | Tracy | | 36.3% | 85,062 | Indio | | 35.7% | 81,085 | Livermore | | 34% | 78,675 | Farmington Hills | | 33.7% | 78,622 | San Leandro | | 33% | 81,871 | Whittier | | 32.6% | 84,892 | Plantation | | 31.6% | 83,945 | Hawthorne | | 31.3% | 78,850 | O'Fallon | | 30.6% | 77,078 | Baldwin Park | | 29.9% | 79,818 | Buena Park | | 28.7% | 84,617 | Citrus Heights | | 28.5% | 77,288 | Westland | | 27.5% |
|
Comments